| 000 | 01781nam a2200445Ii 4500 | ||
|---|---|---|---|
| 001 | DIGOCTA0120 | ||
| 003 | NyNyDIG | ||
| 008 | 161222s2015 sp ob 000 0 spa d | ||
| 006 | m o d | ||
| 007 | cr ||||||||||| | ||
| 035 | _a(OCoLC)967114172 | ||
| 040 |
_aDGITA _beng _erda _epn _cDGITA |
||
| 020 |
_a9788499217734 _q(eBook ; _qePub) |
||
| 020 |
_a8499217737 _q(eBook ; _qePub) |
||
| 020 | _z9788499217727 | ||
| 020 | _z8499217729 | ||
| 050 | 1 | 4 | _aLB1044 eBook |
| 100 | 1 |
_aBreu, Ramón, _eauthor. |
|
| 245 | 1 | 0 |
_a99 películas que las nuevas generaciones deben conocer : _buna herramienta educativa para la familia y la escuela / _cRamon Breu. |
| 246 | 3 | 0 | _aNoventa y nueve películas que las nuevas generaciones deben conocer |
| 250 | _aPrimera edición. | ||
| 264 | 1 |
_aBarcelona : _bEdiciones Octaedro, _c[2015] |
|
| 300 | _a1 online resource. | ||
| 336 |
_atext _btxt _2rdacontent |
||
| 337 |
_acomputer _bc _2rdamedia |
||
| 338 |
_aonline resource _bcr _2rdacarrier |
||
| 490 | 1 |
_aColecció Recursos ; _v No 152 |
|
| 504 | _aIncludes bibliographical references. | ||
| 588 | 0 | _aOnline resource; title from the ePub title page (Digitalia, viewed December 22, 2016) | |
| 650 | 0 |
_aMotion pictures _xHistory. |
|
| 650 | 0 | _aMotion pictures in education. | |
| 655 | 0 | _aElectronic books. | |
| 791 | 2 |
_aDigitalia (Firm), _edistributor. |
|
| 793 | 0 |
_gDigitalia eBook Collection: _aEditorial Octaedro. |
|
| 776 | 0 | 8 |
_iPrint version: _aBreu, Ramón. _t99 películas que las nuevas generaciones deben conocer. _dBarcelona : Ediciones Octaedro, 2015 _z9788499217727 _w(OCoLC)934435724 |
| 830 | 0 |
_aRecursos Octaedro ; _v152. |
|
| 856 | 4 | 0 |
_3Digitalia Hispánica _uhttps://www.digitaliapublishing.com/a/39212/ |
| 910 | _aPremium Collection: 2017 | ||
| 942 | _cRAA | ||
| 999 |
_c244785 _d244785 |
||